Central Library OPAC University of Rajshahi

Bangladesh, emergence of a nation / (Record no. 38745)

MARC details
000 -LEADER
fixed length control field 00734nam a2200253 i 4500
001 - CONTROL NUMBER
control field 38745
003 - CONTROL NUMBER IDENTIFIER
rucl marc code BD-RjUL
005 - DATE AND TIME OF LATEST TRANSACTION
control field 20230109151702.0
008 - FIXED-LENGTH DATA ELEMENTS--GENERAL INFORMATION
fixed length control field 160217s1978 bg b 000 0 eng
035 ## - SYSTEM CONTROL NUMBER
System control number (BD-RjUL)38745
040 ## - CATALOGING SOURCE
Original cataloging agency DLC
Transcribing agency DLC
Modifying agency DLC
-- BD-RjUL
Language of cataloging eng
041 ## - LANGUAGE CODE
Language code of text/sound track or separate title eng
082 00 - DEWEY DECIMAL CLASSIFICATION NUMBER
Classification number 954.92
Author mark and year MUB 1978
100 1# - MAIN ENTRY--PERSONAL NAME
Personal name Muhith, A. M. A.,
Dates associated with a name 1934-
9 (RLIN) 119517
245 10 - TITLE STATEMENT
Title Bangladesh, emergence of a nation /
Statement of responsibility, etc. A.M.A. Muhith.
250 ## - EDITION STATEMENT
Edition statement 1st ed.
260 ## - PUBLICATION, DISTRIBUTION, ETC. (IMPRINT)
Place of publication, distribution, etc. Dacca :
Name of publisher, distributor, etc. Bangladesh Books International,
Date of publication, distribution, etc. 1978.
300 ## - PHYSICAL DESCRIPTION
Pagination xv, 358 p. ;
Size 22 cm.
500 ## - GENERAL NOTE
General note Tk95.00 ($8.50 U.S.)
504 ## - BIBLIOGRAPHY, ETC. NOTE
Bibliography, etc Includes bibliographical references.
651 #0 - SUBJECT ADDED ENTRY--GEOGRAPHIC NAME
Geographic name Bangladesh
General subdivision History.
9 (RLIN) 119518
942 ## - ADDED ENTRY ELEMENTS (KOHA)
Source of classification or shelving scheme Dewey Decimal Classification
Koha item type Books
Holdings
Lost status Source of classification or shelving scheme Damaged status Not for loan Permanent Location Current Location Shelving location Date acquired Source of acquisition Cost, normal purchase price Total Checkouts Full call number Date last seen Date checked out Copy number Koha item type Collection code
  Dewey Decimal Classification     Central Library, University of Rajshahi Central Library, University of Rajshahi   12/03/1979 Oriental Book Service 95.00 4 954.92 MUB 1978 15/12/2022 08/12/2022 C-2 Books  
  Dewey Decimal Classification     Central Library, University of Rajshahi Central Library, University of Rajshahi   12/03/1979 oriental book. 95.00   954.92 MUB 1978 17/11/2016   C-3 Books Non-fiction
  Dewey Decimal Classification   Not For Loan Central Library, University of Rajshahi Central Library, University of Rajshahi Reading Room 09/01/2023 Photocopy R. U.C. L.     954.92 MUB 1978 09/01/2023   C-1 Books Non-fiction